Indian currency in retrospect / (Record no. 28665)
[ view plain ]
| 000 -LEADER | |
|---|---|
| fixed length control field | 00896nam a2200241 a 4500 |
| 001 - CONTROL NUMBER | |
| control field | 28665 |
| 003 - CONTROL NUMBER IDENTIFIER | |
| rucl marc code | BD-RjUL |
| 005 - DATE AND TIME OF LATEST TRANSACTION | |
| control field | 20211209051319.0 |
| 008 - FIXED-LENGTH DATA ELEMENTS--GENERAL INFORMATION | |
| fixed length control field | 190325s1944 ii | 00| 0 eng d |
| 035 ## - SYSTEM CONTROL NUMBER | |
| System control number | (BD-RjUL)28747 |
| 040 ## - CATALOGING SOURCE | |
| Original cataloging agency | BD-RjUL |
| Language of cataloging | eng |
| Transcribing agency | BD-RjUL |
| Modifying agency | BD-RjUL |
| 041 ## - LANGUAGE CODE | |
| Language code of text/sound track or separate title | eng |
| 082 ## - DEWEY DECIMAL CLASSIFICATION NUMBER | |
| Classification number | 332.4954 |
| Author mark and year | BII 1944 |
| Edition number | 23 |
| 100 1# - MAIN ENTRY--PERSONAL NAME | |
| Personal name | Birla, G. D. |
| 9 (RLIN) | 229663 |
| 245 10 - TITLE STATEMENT | |
| Title | Indian currency in retrospect / |
| Statement of responsibility, etc. | by G. D. Birla |
| 260 ## - PUBLICATION, DISTRIBUTION, ETC. (IMPRINT) | |
| Place of publication, distribution, etc. | Allahabad: |
| Name of publisher, distributor, etc. | Kitabistan, |
| Date of publication, distribution, etc. | 1944 |
| 300 ## - PHYSICAL DESCRIPTION | |
| Pagination | 22 p. ; |
| Size | 21 cm. |
| 490 ## - SERIES STATEMENT | |
| Series statement | The Indian institute of international affairs, New Delhi ; |
| Volume/sequential designation | 13 |
| 500 ## - GENERAL NOTE | |
| General note | "First published - September 1944." |
| 650 ## - SUBJECT ADDED ENTRY--TOPICAL TERM | |
| Topical term or geographic name as entry element | Money |
| General subdivision | History. |
| Geographic subdivision | India |
| 9 (RLIN) | 229664 |
| 830 #0 - SERIES ADDED ENTRY--UNIFORM TITLE | |
| Uniform title | The Indian institute of international affairs, New Delhi ; |
| Volume number/sequential designation | 13 |
| 942 ## - ADDED ENTRY ELEMENTS (KOHA) | |
| Source of classification or shelving scheme | Dewey Decimal Classification |
| Koha item type | Rare Books |
| Lost status | Source of classification or shelving scheme | Damaged status | Not for loan | Collection code | Permanent Location | Current Location | Shelving location | Date acquired | Total Checkouts | Full call number | Date last seen | Copy number | Koha item type |
|---|---|---|---|---|---|---|---|---|---|---|---|---|---|
| Dewey Decimal Classification | Not For Loan | Rare Books | Central Library, University of Rajshahi | Central Library, University of Rajshahi | Rare Book Section | 25/03/2019 | RA 332.4954 BII 1944 | 25/03/2019 | C-1 | Rare Books |